| 000 | 00424nam a22001817a 4500 | ||
|---|---|---|---|
| 003 | MPLRDC | ||
| 005 | 20220104114157.0 | ||
| 008 | 210129b ||||| |||| 00| 0 eng d | ||
| 082 | _a830.8 SZXC v.33 | ||
| 100 | _a刘苹华译 | ||
| 245 |
_a雅窗寄语 _c |
||
| 250 | _a初版 | ||
| 260 |
_a台湾 _b星光出版社 _c1977 |
||
| 300 | _b153 | ||
| 490 | _a双子星丛书. 33 | ||
| 650 | _a | ||
| 942 |
_cBK _o830.8 SZXC v.33 |
||
| 999 |
_c5438 _d5428 |
||